header

More than bread (Record no. 79875)

MARC details
000 -LEADER
fixed length control field 01274nam a2200325Ia 4500
082 04 - DEWEY DECIMAL CLASSIFICATION NUMBER
Classification number 362.5/83
100 1# - MAIN ENTRY--AUTHOR NAME
Personal name Glasser, Irene.
245 10 - TITLE STATEMENT
Title More than bread
260 ## - PUBLICATION, DISTRIBUTION, ETC. (IMPRINT)
Place of publication Tuscaloosa :
Name of publisher University of Alabama Press,
Year of publication [2010], c1988.
300 ## - PHYSICAL DESCRIPTION
Number of Pages x, 187 p. :
Other physical details ill.
650 #0 - SUBJECT ADDED ENTRY--TOPICAL TERM
Topical Term Soup kitchens
Topical Term Poor
Topical Term Poverty
856 40 - ELECTRONIC LOCATION AND ACCESS
Uniform Resource Identifier http://site.ebrary.com/lib/rucke/Doc?id=10408820

No items available.

© 2026 Rongo University
Contact us: librarian | system librarian | Rongo university